| 000 | 00724nam a2200229Ia 4500 | ||
|---|---|---|---|
| 999 |
_c41223 _d41223 |
||
| 001 | 7875 | ||
| 003 | GE_BSU | ||
| 005 | 20220927162411.0 | ||
| 008 | 181216s2012fe xx |||||||||||||| ||fre|| | ||
| 020 | _a9782218962844 | ||
| 040 | _cGE_BSU | ||
| 041 | _afre | ||
| 080 | _a821.133.1-31 H-90 | ||
| 100 |
_aYugo,Victor _914866 |
||
| 245 |
_aLes Miserables (1862) : _bUn roman historique et une fresque sociate / _cVictor Yugo. |
||
| 264 |
_aParis : _bHatier, _c2012. |
||
| 300 |
_a287 p.: _c17cm. |
||
| 653 | _aLes Miserables (1862) | ||
| 653 | _aUn roman historique et une fresque sociate | ||
| 653 | _aისტორიული რომანი და სოციალური ფრესკა | ||
| 942 |
_cBK _2udc |
||